000 00243nam a2200097Ia 4500
001 1211952
005 20250827024446.0
008 250824s9999 xx 000 0 und d
245 0 _aSARIKASNAK
_cVECDİ ÇIRACIOĞLU
260 _bEVEREST YAYINLARI
999 _c1211952
_d1211952